000 00375nam a2200145 a 4500
005 20140412111329.0
008 110129s19uu xx 00 eng d
020 _a0-698-11572-4
050 _aTR(PS E
_bAr1 1989
100 _adePaola, Tomie
245 _aThe Art Lesson /
_cTomie dePaola.
260 _aCanada :
_bPutnam grosset,
_c1989.
300 _aunp.
999 _c104838
_d104838